| 000 | 00497nam a22001937a 4500 | ||
|---|---|---|---|
| 005 | 20260602131911.0 | ||
| 008 | 260602b |||||||| |||| 00| 0 eng d | ||
| 020 |
_a9789354493935 _c1110.00 |
||
| 040 | _aMAIN | ||
| 041 | _aEnglish | ||
| 082 |
_a621.3815 _bFLO |
||
| 100 |
_aFloyd, Thomas L. _94119 |
||
| 245 |
_aElectronic Devices _b: Conventional Current Version |
||
| 250 | _a10th | ||
| 260 |
_aNoida _bPearson _c2025 |
||
| 300 | _a928 | ||
| 650 |
_aPhysics (PM USHA) _926699 |
||
| 942 | _cBK | ||
| 999 |
_c60959 _d60959 |
||